000
00235nam a2200097Ia 4500
008
120527s9999 xx 000 0 und d
100
_a
Davis,K.E
245
_a
Molecular basis of inherited diseases.
260
_b
I.RL Press
942
_c
BK
999
_c
20504
_d
20504